Οι Χώρες με τους Περισσότερους Χρήστες στο JetPunk - Statistics

General Stats
  • This quiz has been taken 17 times
    3 since last reset
  • The average score is 18 of 20
Answer Stats
% Χώρες % Correct
20,08 Ηνωμένες Πολιτείες
100%
18,23 Γαλλία
100%
8,18 Ηνωμένο Βασίλειο
100%
7,15 Πολωνία
100%
5,97 Γερμανία
100%
3,83 Καναδάς
100%
3,60 Βραζιλία
100%
2,78 Ισπανία
100%
2,43 Ιταλία
100%
2,40 Αυστραλία
100%
1,57 Βέλγιο
100%
1,55 Ολλανδία
100%
1,25 Ιαπωνία
100%
0,90 Τουρκία
100%
1,16 Ελβετία
67%
1,12 Φινλανδία
67%
1,10 Ινδία
67%
0,69 Αυστρία
67%
0,66 Φιλιππίνες
67%
1,31 Ταϊλάνδη
33%
No matching quizzes found
Score Distribution
Percent of People with Each Score
Percentile by Number Answered
Your Score History
You have not taken this quiz since the last reset